Аналитическая аппроксимация спектра импульсных рентгеновских трубок; Информационные технологии неразрушающего контроля

Detalhes bibliográficos
Parent link:Информационные технологии неразрушающего контроля.— 2015.— [С. 17-21]
Corporate Authors: Национальный исследовательский Томский политехнический университет (ТПУ) Институт кибернетики (ИК) Кафедра оптимизации систем управления (ОСУ), Национальный исследовательский Томский политехнический университет (ТПУ) Институт неразрушающего контроля (ИНК) Лаборатория № 40 (Технической томографии и интроскопии) (Лаборатория № 40)
Outros Autores: Вавилов С. П. Станислав Платонович, Кошкин Г. М., Удод В. А. Виктор Анатольевич, Фофанов О. Б. Олег Борисович
Resumo:Заглавие с титульного экрана
Idioma:russo
Publicado em: 2015
Assuntos:
Acesso em linha:http://earchive.tpu.ru/handle/11683/15327
http://www.lib.tpu.ru/fulltext/c/2015/C111/003.pdf
Formato: Recurso Electrónico Capítulo de Livro
KOHA link:https://koha.lib.tpu.ru/cgi-bin/koha/opac-detail.pl?biblionumber=616492

MARC

LEADER 00000naa2a2200000 4500
001 616492
005 20231101132918.0
035 |a (RuTPU)RU\TPU\conf\14730 
035 |a RU\TPU\conf\14716 
090 |a 616492 
100 |a 20151229d2015 k y0rusy50 ca 
101 0 |a rus 
102 |a RU 
105 |a y z 101zy 
135 |a drcn ---uucaa 
181 0 |a i  
182 0 |a b 
200 1 |a Аналитическая аппроксимация спектра импульсных рентгеновских трубок  |f С. П. Вавилов, Г. М. Кошкин, В. А. Удод, О. Б. Фофанов 
203 |a Текст  |c электронный 
230 |a 1 компьютерный файл (pdf; 309 Кб) 
300 |a Заглавие с титульного экрана 
320 |a [Библиогр.: с. 21 (12 назв.)] 
337 |a Adobe Reader 
463 0 |0 (RuTPU)RU\TPU\conf\14479  |t Информационные технологии неразрушающего контроля  |o сборник научных трудов Российской школы конференции с международным участием, Томск, 27-30 октября 2015 г.  |f Национальный исследовательский Томский политехнический университет (ТПУ)  |v [С. 17-21]  |d 2015 
610 1 |a труды учёных ТПУ 
610 1 |a электронный ресурс 
610 1 |a аналитическая аппроксимация 
610 1 |a аппроксимация 
610 1 |a спектры 
610 1 |a рентгеновские трубки 
610 1 |a импульсные трубы 
701 1 |a Вавилов  |b С. П.  |c специалист в области оптимизации систем управления  |c доцент Томского политехнического университета  |c кандидат технических наук  |f 1940-  |g Станислав Платонович  |2 stltpush  |3 (RuTPU)RU\TPU\pers\27768 
701 1 |a Кошкин  |b Г. М. 
701 1 |a Удод  |b В. А.  |c специалист в области неразрушающего контроля  |c ведущий научный сотрудник Томского политехнического университета, доктор технических наук  |f 1959-  |g Виктор Анатольевич  |2 stltpush  |3 (RuTPU)RU\TPU\pers\27997 
701 1 |a Фофанов  |b О. Б.  |c специалист в области информатики и вычислительной техники  |c доцент Томского политехнического университета, кандидат технических наук  |f 1949-  |g Олег Борисович  |2 stltpush  |3 (RuTPU)RU\TPU\pers\26758 
712 0 2 |a Национальный исследовательский Томский политехнический университет (ТПУ)  |b Институт кибернетики (ИК)  |b Кафедра оптимизации систем управления (ОСУ)  |h 127  |2 stltpush  |3 (RuTPU)RU\TPU\col\18702 
712 0 2 |a Национальный исследовательский Томский политехнический университет (ТПУ)  |b Институт неразрушающего контроля (ИНК)  |b Лаборатория № 40 (Технической томографии и интроскопии) (Лаборатория № 40)  |h 6776  |2 stltpush  |3 (RuTPU)RU\TPU\col\20619 
801 2 |a RU  |b 63413507  |c 20210224  |g RCR 
856 4 |u http://earchive.tpu.ru/handle/11683/15327 
856 4 |u http://www.lib.tpu.ru/fulltext/c/2015/C111/003.pdf 
942 |c BK